00564 2200193 4500001002100000005001500021035002000036245003400056100001900090250002000109300003100129856001800160260006500178082001600243084002200259020002200281650003900303650002800342INLIS00000000000004620250710115027 a0010-07250000461 aHujan Badai /cK.R. Vishrutha0 aK.R. Vishrutha aCetakan Pertama a24 hlm. :bIlus. ;c21 cm. aTBM AS SUHADA aRawamangun :bBadan Pengembangan dan Pembinaan Bahasa,c2022 a398.209 598 a398.209 598 VIS h a978-623-307-415-5 4aCerita Anak Indonesia - Terjemahan 4aLiterasi - Bahan bacaan